<?xml version="1.0" encoding="UTF-8"?>
<record
    xmlns:xsi="http://www.w3.org/2001/XMLSchema-instance"
    xsi:schemaLocation="http://www.loc.gov/MARC21/slim http://www.loc.gov/standards/marcxml/schema/MARC21slim.xsd"
    xmlns="http://www.loc.gov/MARC21/slim">

  <leader>00786nam a2200229Ia 4500</leader>
  <controlfield tag="005">20240819135633.0</controlfield>
  <controlfield tag="008">240704t1969||||xx |||||||||||||| ||und||</controlfield>
  <datafield tag="040" ind1=" " ind2=" ">
    <subfield code="a">ODONTO</subfield>
    <subfield code="b">spa</subfield>
    <subfield code="c">ODONTO</subfield>
    <subfield code="d">ODONTO</subfield>
  </datafield>
  <datafield tag="041" ind1=" " ind2=" ">
    <subfield code="a">spa</subfield>
  </datafield>
  <datafield tag="082" ind1=" " ind2=" ">
    <subfield code="a">617.69 C255</subfield>
  </datafield>
  <datafield tag="100" ind1=" " ind2=" ">
    <subfield code="a">Capusselli, Hugo O.</subfield>
    <subfield code="9">8466</subfield>
  </datafield>
  <datafield tag="245" ind1=" " ind2="0">
    <subfield code="a">Temas de colado</subfield>
    <subfield code="b"> : fundamentos y principios te&#xF3;rico-pr&#xE1;ctico /</subfield>
    <subfield code="c">Hugo O. Capusselli, Toribio Schvartz. --</subfield>
  </datafield>
  <datafield tag="260" ind1=" " ind2=" ">
    <subfield code="a">Buenos Aires :</subfield>
    <subfield code="b">Mundi,</subfield>
    <subfield code="c">1969.</subfield>
  </datafield>
  <datafield tag="300" ind1=" " ind2=" ">
    <subfield code="a">134 p. :</subfield>
    <subfield code="b">il. ;</subfield>
    <subfield code="c">24 cm.</subfield>
  </datafield>
  <datafield tag="504" ind1=" " ind2=" ">
    <subfield code="a">Bibliograf&#xED;a: p. 135</subfield>
  </datafield>
  <datafield tag="650" ind1="0" ind2="1">
    <subfield code="a">Pr&#xF3;tesis dental</subfield>
    <subfield code="9">818</subfield>
  </datafield>
  <datafield tag="650" ind1="0" ind2="1">
    <subfield code="a">Dentaduras postizas</subfield>
    <subfield code="9">1006</subfield>
  </datafield>
  <datafield tag="650" ind1="0" ind2="1">
    <subfield code="a">Puentes (odontolog&#xED;a)</subfield>
    <subfield code="9">386</subfield>
  </datafield>
  <datafield tag="650" ind1="0" ind2="1">
    <subfield code="a">Implantes dentarios</subfield>
    <subfield code="9">1305</subfield>
  </datafield>
  <datafield tag="942" ind1=" " ind2=" ">
    <subfield code="a">Biblioteca de Odontolog&#xED;a</subfield>
    <subfield code="c">BK</subfield>
    <subfield code="n">0</subfield>
    <subfield code="k">617.69 C255</subfield>
    <subfield code="2">ddc</subfield>
  </datafield>
  <datafield tag="999" ind1=" " ind2=" ">
    <subfield code="c">3076</subfield>
    <subfield code="d">3076</subfield>
  </datafield>
  <datafield tag="952" ind1=" " ind2=" ">
    <subfield code="0">0</subfield>
    <subfield code="1">0</subfield>
    <subfield code="2">ddc</subfield>
    <subfield code="4">0</subfield>
    <subfield code="7">0</subfield>
    <subfield code="a">ODONTO</subfield>
    <subfield code="b">ODONTO</subfield>
    <subfield code="c">GEN</subfield>
    <subfield code="d">1974-03-23</subfield>
    <subfield code="e">Editorial Mundi</subfield>
    <subfield code="i">&#xA0;Od-s.n</subfield>
    <subfield code="l">0</subfield>
    <subfield code="o">617.69 C255</subfield>
    <subfield code="p">L00001128</subfield>
    <subfield code="r">2024-07-04 10:57:06</subfield>
    <subfield code="t">1</subfield>
    <subfield code="y">BK</subfield>
    <subfield code="z">Consulta en sala</subfield>
  </datafield>
  <datafield tag="952" ind1=" " ind2=" ">
    <subfield code="0">0</subfield>
    <subfield code="1">0</subfield>
    <subfield code="2">ddc</subfield>
    <subfield code="4">0</subfield>
    <subfield code="7">0</subfield>
    <subfield code="a">ODONTO</subfield>
    <subfield code="b">ODONTO</subfield>
    <subfield code="c">GEN</subfield>
    <subfield code="d">1974-03-23</subfield>
    <subfield code="e">Editorial Mundi</subfield>
    <subfield code="i">Od-238-74</subfield>
    <subfield code="l">0</subfield>
    <subfield code="o">617.69 C255</subfield>
    <subfield code="p">L00001129</subfield>
    <subfield code="r">2024-08-19 14:03:13</subfield>
    <subfield code="t">2</subfield>
    <subfield code="w">2024-08-19</subfield>
    <subfield code="y">BK</subfield>
    <subfield code="z">Consulta en sala</subfield>
  </datafield>
</record>
